[Event "Moscow-ch final"]
[Site "Moscow"]
[Date "2019.04.04"]
[Round "6"]
[White "Trusov, Mikhail"]
[Black "Usov, Aleksandr E"]
[Result "1-0"]
[WhiteElo "2143"]
[BlackElo "1627"]
[PlyCount "81"]
[EventDate "2019.03.30"]
[EventType "swiss"]
[EventRounds "9"]
[EventCountry "RUS"]
[SourceTitle "CBM 189 Extra"]
[Source "ChessBase"]
[SourceDate "2019.06.03"]
[SourceVersion "1"]
[SourceVersionDate "2019.06.03"]
[SourceQuality "1"]

1. e4 c6 2. d4 d5 3. Nc3 dxe4 4. Nxe4 Nf6 5. Nxf6+ exf6 6. c3 Bd6 7. Bd3 0-0 8. Ne2 Re8 9. 0-0 Qc7 10. h3 Nd7 11. Qc2 Nf8 12. b3 Be6 13. c4 Qd7 14. f4 Bc7 15. f5 Bxf5 16. Bxf5 Rxe2 17. Qxe2 Qxd4+ 18. Be3 Qe5 19. Qf3 g6 20. Bc2 Qc3 21. Rac1 Re8 22. Bf4 Qxf3 23. Rxf3 Bb6+ 24. Kf1 Ne6 25. Be3 Nd4 26. Bxd4 Bxd4 27. Re1 Be5 28. Rxf6 Kf8 29. Rf3 f6 30. Rd3 Re7 31. Red1 b5 32. Rd8+ Kf7 33. R8d7 Ke6 34. Rxe7+ Kxe7 35. Be4 bxc4 36. bxc4 c5 37. Rb1 a5 38. Rb5 Bc3 39. Rxc5 f5 40. Bd5 Kd6 41. Rc6+ 1-0

[Event "Moscow-ch final"]
[Site "Moscow"]
[Date "2019.03.31"]
[Round "2"]
[White "Trusov, Mikhail"]
[Black "Tarasov, Danila"]
[Result "1-0"]
[WhiteElo "2143"]
[BlackElo "1934"]
[PlyCount "66"]
[EventDate "2019.03.30"]
[EventType "swiss"]
[EventRounds "9"]
[EventCountry "RUS"]
[SourceTitle "CBM 189 Extra"]
[Source "ChessBase"]
[SourceDate "2019.06.03"]
[SourceVersion "1"]
[SourceVersionDate "2019.06.03"]
[SourceQuality "1"]

1. Nf3 c5 2. c4 Nc6 3. Nc3 g6 4. g3 Bg7 5. Bg2 d6 6. 0-0 e6 7. d3 Nge7 8. e4 0-0 9. Be3 a6 10. d4 cxd4 11. Nxd4 Qc7 12. Rc1 Nxd4 13. Bxd4 Bh6 14. Bf6 Re8 15. b3 Bd7 16. Rc2 Rac8 17. Rd2 e5 18. Bxe7 Bxd2 19. Nd5 Qa5 20. Nf6+ Kg7 21. Nxe8+ Rxe8 22. Bxd6 Qxa2 23. Qe2 Qa5 24. Rd1 Bc3 25. Bxe5+ Bxe5 26. Rxd7 Qb6 27. Qf3 Rf8 28. Qd3 Qc6 29. Bf1 b6 30. b4 a5 31. Rd5 Bc7 32. b5 Qf6 33. f4 Qb2 1-0

[Event "Moscow-ch final"]
[Site "Moscow"]
[Date "2018.03.28"]
[Round "5"]
[White "Trusov, Mikhail"]
[Black "Afanasiev, Nikita"]
[Result "1-0"]
[WhiteElo "2136"]
[BlackElo "2457"]
[PlyCount "119"]
[EventDate "2018.03.24"]
[EventType "swiss"]
[EventRounds "9"]
[EventCountry "RUS"]
[SourceTitle "CBM 183 Extra"]
[Source "ChessBase"]
[SourceDate "2018.04.19"]
[SourceVersion "1"]
[SourceVersionDate "2018.04.19"]
[SourceQuality "1"]

1. e4 c5 2. Nf3 e6 3. g3 Nc6 4. Bg2 d5 5. exd5 exd5 6. d4 Nf6 7. 0-0 Be7 8. dxc5 Bxc5 9. Bg5 Be6 10. Nc3 Be7 11. Nd4 Nxd4 12. Qxd4 0-0 13. f4 h6 14. Bh4 Re8 15. f5 Bd7 16. Nxd5 Nxd5 17. Bxd5 Bxh4 18. gxh4 Bc6 19. c4 Bxd5 20. cxd5 Qd6 21. Rfe1 Rac8 22. Qd3 Qb6+ 23. Kh1 Qxb2 24. Reb1 Qf6 25. Re1 Rxe1+ 26. Rxe1 Qxh4 27. Rd1 Rd8 28. d6 Rd7 29. Qd5 Qf6 30. Qc5 Kh7 31. Qd5 b5 32. Qc5 h5 33. a3 a6 34. Rd5 Qa1+ 35. Kg2 Qa2+ 36. Kg3 Qb3+ 37. Kf2 Qh3 38. Kg1 Qg4+ 39. Kf2 Qf4+ 40. Kg2 h4 41. Rd4 h3+ 42. Kxh3 Qf3+ 43. Kh4 g6 44. fxg6+ fxg6 45. Qd5 Qf6+ 46. Kg3 Kg7 47. Rd3 Kh6 48. Qd4 Qg5+ 49. Qg4 Qe5+ 50. Qf4+ Qg5+ 51. Kf3 a5 52. Qxg5+ Kxg5 53. Ke4 b4 54. axb4 axb4 55. Ke5 Kh4 56. Ke6 Rd8 57. d7 g5 58. Ke7 Rb8 59. d8Q Rxd8 60. Kxd8 1-0

[Event "Moscow op-E"]
[Site "Moscow"]
[Date "2011.02.05"]
[Round "8.174"]
[White "Afanaskin, Igor"]
[Black "Trusov, Mikhail"]
[Result "1/2-1/2"]
[WhiteElo "1916"]
[BlackElo "2140"]
[PlyCount "92"]
[EventDate "2011.01.29"]
[EventType "swiss"]
[EventRounds "9"]
[EventCountry "RUS"]
[SourceTitle "EXT 2022"]
[Source "ChessBase"]
[SourceDate "2021.10.06"]
[SourceVersion "1"]
[SourceVersionDate "2021.10.06"]
[SourceQuality "1"]

1. d4 d5 2. Nf3 Nf6 3. Bg5 Ne4 4. Bf4 c5 5. c3 Nc6 6. e3 e6 7. Nbd2 Nf6 8. Bd3 cxd4 9. exd4 Bd6 10. Bxd6 Qxd6 11. 0-0 0-0 12. Re1 Rb8 13. Ne5 b5 14. b4 a5 15. a3 a4 16. Re3 Ne7 17. Rh3 g6 18. Qf3 Kg7 19. Qe3 Nfg8 20. Qf4 Rb6 21. Qh4 h6 22. Ndf3 Nf5 23. Bxf5 exf5 24. Rg3 Qf6 25. Qf4 Ne7 26. h4 Rh8 27. Re1 Re6 28. Ng5 Rxe5 29. dxe5 Qc6 30. Nh3 Be6 31. h5 Rc8 32. hxg6 fxg6 33. Qd4 Qc4 34. Nf4 Kf7 35. Nxe6 Kxe6 36. Qd2 f4 37. Rd3 g5 38. Rd1 Qb3 39. Rh3 Nf5 40. Rd3 Ne7 41. Ra1 Qc4 42. Rd1 Qb3 43. Rh3 Rh8 44. c4 Qxc4 45. Rc3 Qe4 46. g4 h5 1/2-1/2

[Event "Moscow op-E"]
[Site "Moscow"]
[Date "2011.02.03"]
[Round "6.80"]
[White "Pogosian, Manvel"]
[Black "Trusov, Mikhail"]
[Result "1-0"]
[WhiteElo "2391"]
[BlackElo "2140"]
[PlyCount "83"]
[EventDate "2011.01.29"]
[EventType "swiss"]
[EventRounds "9"]
[EventCountry "RUS"]
[SourceTitle "EXT 2022"]
[Source "ChessBase"]
[SourceDate "2021.10.06"]
[SourceVersion "1"]
[SourceVersionDate "2021.10.06"]
[SourceQuality "1"]

1. d4 d5 2. c4 c6 3. Nf3 Nf6 4. Nc3 e6 5. e3 Bd6 6. Bd3 Nbd7 7. 0-0 0-0 8. Qc2 dxc4 9. Bxc4 e5 10. a3 exd4 11. exd4 Nb6 12. Ba2 h6 13. Bxh6 gxh6 14. Qg6+ Kh8 15. Qxh6+ Nh7 16. Ne4 f6 17. Nxd6 Qxd6 18. Bb1 Rf7 19. Ng5 Qf8 20. Nxf7+ Qxf7 21. Bxh7 Qxh7 22. Qxf6+ Qg7 23. Qh4+ Qh7 24. Qd8+ Qg8 25. Qd6 Qe6 26. Qc5 Qd5 27. Rae1 Bg4 28. Qe7 Nd7 29. Re4 Rg8 30. Qh4+ Bh5 31. f3 Qg5 32. Rg4 Qd5 33. Rxg8+ Kxg8 34. Re1 Bf7 35. Re4 Nf8 36. Qf6 Bg6 37. Rh4 Bh5 38. Qh6 Bg6 39. Qh8+ Kf7 40. Rf4+ Bf5 41. Qh5+ Ke6 42. Qe8+ 1-0

[Event "Moscow op-E"]
[Site "Moscow"]
[Date "2011.01.31"]
[Round "3.163"]
[White "Trusov, Mikhail"]
[Black "Kozhevnikov, Ivan"]
[Result "0-1"]
[WhiteElo "2140"]
[BlackElo "1942"]
[PlyCount "54"]
[EventDate "2011.01.29"]
[EventType "swiss"]
[EventRounds "9"]
[EventCountry "RUS"]
[SourceTitle "EXT 2022"]
[Source "ChessBase"]
[SourceDate "2021.10.06"]
[SourceVersion "1"]
[SourceVersionDate "2021.10.06"]
[SourceQuality "1"]

1. e4 c5 2. Nf3 d6 3. d4 cxd4 4. Nxd4 Nf6 5. Nc3 g6 6. Be3 Bg7 7. f3 0-0 8. Qd2 Nc6 9. 0-0-0 d5 10. Nxc6 bxc6 11. exd5 Nxd5 12. Nxd5 cxd5 13. Qxd5 Qc7 14. Qc5 Qb7 15. Qa3 Be6 16. Ba6 Qc7 17. Qc5 Qb6 18. Qxb6 axb6 19. Bd3 Rxa2 20. c3 b5 21. Bc5 Bb3 22. Rde1 Rc8 23. Bb4 Rd8 24. Kb1 Rxd3 25. Rxe7 Rd8 26. Rhe1 h5 27. Rb7 Rda8 0-1